Charakterentopologie, Isomorphismentopologie und Bewertungstopologie /

Guardado en:
Autor Principal: Krull, Wolfgang, 1899-
Formato: Libro
Idioma:German
Publicado: Madrid : Consejo Superior de Investigaciones Científicas, 1955.
Series:Memorias de matemática del Instituto "Jorge Juan" ; 16
Etiquetas: Agregar Etiqueta
Sin Etiquetas, Sea el primero en etiquetar este registro!
LEADER 00586nam a22001575a 4500
001 MAT.inmabb000950
008 031119s1955####sp############000#0#ger#d
005 20170807163939.0
245 1 0 |a Charakterentopologie, Isomorphismentopologie und Bewertungstopologie /  |c Wolfgang Krull. 
260 |a Madrid :  |b Consejo Superior de Investigaciones Científicas,  |c 1955. 
300 |a 74 p. ;  |c 25 cm. 
440 0 |a Memorias de matemática del Instituto "Jorge Juan" ;  |v 16 
510 4 |a RM,  |c MR0078988 
100 1 |a Krull, Wolfgang,  |d 1899- 
084 |a 54-XX  |a 13-XX  |2 msc2000 
859 |h 54  |i K94  |p A-797  |b BIB. MATEMATICA